ARRUPE JESUIT UNIVERSITY

CORONAVIRUS -STOP THE SPREAD - CLEAN,DISINFECT,COVER

Traditions verbales et rituelles chez les Lele, Kuba, Ding, Lulua, Luba, Komo et Yira (Rép. du Zaïre) / (Record no. 127473)

MARC details
000 -LEADER
fixed length control field 01022cam a2200265 a 4500
001 - CONTROL NUMBER
control field 509997
003 - CONTROL NUMBER IDENTIFIER
control field ARRUPE
005 - DATE AND TIME OF LATEST TRANSACTION
control field 20180124091943.0
008 - FIXED-LENGTH DATA ELEMENTS--GENERAL INFORMATION
fixed length control field 851216s1984 cg a b 000 0 fre
010 ## - LIBRARY OF CONGRESS CONTROL NUMBER
LC control number 85240018
040 ## - CATALOGING SOURCE
Original cataloging agency DLC
Transcribing agency DLC
Modifying agency DLC
043 ## - GEOGRAPHIC AREA CODE
Geographic area code f-cg---
050 00 - LIBRARY OF CONGRESS CALL NUMBER
Classification number GN654
Item number .M56 1984
300 ## - PHYSICAL DESCRIPTION
Other physical details ill. ;
Dimensions 22 cm.
100 0# - MAIN ENTRY--PERSONAL NAME
Personal name Minga Shanga.
9 (RLIN) 38821
245 10 - TITLE STATEMENT
Title Traditions verbales et rituelles chez les Lele, Kuba, Ding, Lulua, Luba, Komo et Yira (Rép. du Zaïre) /
Statement of responsibility, etc Minga Shanga, Makutu Nym & autres.
260 ## - PUBLICATION, DISTRIBUTION, ETC. (IMPRINT)
Place of publication, distribution, etc Bandundu, République du Zaïre :
Name of publisher, distributor, etc Ceeba,
Date of publication, distribution, etc 1984.
300 ## - PHYSICAL DESCRIPTION
Extent 180 p. :
490 1# - SERIES STATEMENT
Series statement CEEBA publications. Série II ;
Volume number/sequential designation vol. 92
504 ## - BIBLIOGRAPHY, ETC. NOTE
Bibliography, etc Includes bibliographical references.
650 #0 - SUBJECT ADDED ENTRY--TOPICAL TERM
Topical term or geographic name as entry element Rites and ceremonies
Geographic subdivision Congo (Democratic Republic)
9 (RLIN) 38822
651 #0 - SUBJECT ADDED ENTRY--GEOGRAPHIC NAME
Geographic name Congo (Democratic Republic)
General subdivision Religious life and customs.
9 (RLIN) 38718
700 0# - ADDED ENTRY--PERSONAL NAME
Personal name Makutu Nym.
9 (RLIN) 38823
830 #0 - SERIES ADDED ENTRY--UNIFORM TITLE
Uniform title Publications (Ceeba).
Number of part/section of a work Série II ;
Volume number/sequential designation v. 92.
9 (RLIN) 38824
906 ## - LOCAL DATA ELEMENT F, LDF (RLIN)
a 7
b cbc
c orignew
d 3
e ncip
f 19
g y-gencatlg
942 ## - ADDED ENTRY ELEMENTS (KOHA)
Source of classification or shelving scheme Library of Congress Classification
Koha item type Monograph ( Printed materials)
Holdings
Withdrawn status Lost status Source of classification or shelving scheme Damaged status Not for loan Collection code Home library Current library Shelving location Date acquired Total Checkouts Full call number Barcode Date last seen Price effective from Koha item type
    Library of Congress Classification     Main Collection ARRUPE LIBRARY ARRUPE LIBRARY Main Collection 24/01/2018   GN654 .M56 1984 46600000898 09/04/2018 24/01/2018 Monograph ( Printed materials)

 

Arrupe Library. PO Box MP320 Mt Pleasant, Harare, Zimbabwe
263 242 745411|librarian@aju.ac.zw